000 00535cam a22002291 4500
001 sa 66006938
003 DLC
005 20260227112300.0
008 890526s1962 xx 000 0 urdo
010 _asa 66006938
035 _a(OCoLC)23565742
040 _aDLC
_cMiU
_dDLC
042 _apremarc
043 _aa-ii---
050 0 0 _aQ141
_b.A75
100 1 _aʻAskarī, Ḥamīd,
_d1909-
245 1 0 _aNāmvar Muslim.
260 _c[1962]
300 _a627 p.
_c19 cm.
500 _aRomanized.
650 0 _aScientists
_zIndia
999 _c70815
_d70815